000 00995cam a22003017a 4500
003 CHAP
005 20220329141619.0
008 971013s1969 mx r 00010 spa d
010 _a71035
011 _a72007
035 _a81561
040 _cCHAP
090 _aFolleto 2351
100 0 0 _aAguado Turrubiate, Adrián.
_92573
245 1 3 _aEl cultivo de la cebada en la región del centro
260 _aChapingo, Méx. :
_bDepartamento de Extensión Agrícola,
_c1969
300 _as.p.
590 _aBATCH-UPD
_b10
_c20130110
_lUCH01
_h0805
590 _aBATCH-UPD
_b10
_c20130410
_lUCH01
_h0443
590 _aBATCH-UPD
_b10
_c20130913
_lUCH01
_h2325
590 _aCONVERSION
_b10
_c20130109
_lUCH01
_h1339
650 1 4 _aCebada.
_920652
901 _aBK
942 _cFOLL
949 _aFolleto 2351
_bBC
_cFOLL
_d-34998
_eTS1
_i81561
_mD.
_si
949 _aFolleto 2351
_bBC
_cFOLL
_d-34999
_eTS2
_fc.2
_i81561
_mD.
_si
949 _aFolleto 2351
_bBC
_cFOLL
_d33724002239884
_eTS2
_fc.3
_gDonaciØn
_i81561
_m.
_sb
999 _c71035
_d71035